LEADER 01391nas a2200289 u 4500 001 000000006313 003 CaOOAMICUS 005 20070226104847.0 008 941010c19919999be ar p u0 u eng u 035 $a10161793 040 $aPUL$bita 041 0 $aeng$afre 130 0 $aJournal of medieval Latin (Turnhout, Belgium)$aThe Journal of medieval Latin : a publication of the North American Association of Medieval Latin$g[Spogli].$0(OLS)http://pul/title/9314 245 14$aThe Journal of medieval Latin :$ba publication of the North American Association of Medieval Latin. 260 $a[Turnhout] :$bBrepols,$c1991- 300 $av. ;$c25 cm 310 $aAnnuale. 362 0 $aVol. 1 (1991)- 546 $aChiefly English; some French. 650 0$aLatin philology, Medieval and modern$xPeriodicals.$2//eng$0(OLS)http://pul/subject/5691 700 1 $aHerren, Michael W.$0(OLS)http://pul/name/6443 710 2 $aNorth American Association of Medieval Latin.$0(OLS)http://pul/name/6444 850 $aPUL 852 $aPUL$W1$xDP1 Riviste Correnti$y15$m2-131/DP1102.D$j8968$nSE-PRI$bv.1 (1994), v.6 (1996)-$qPeriodici$B8968$CPULBib$Z2$F8968 $82 941 1 $a5 996 $6245$aThe Journal of medieval Latin :$ba publication of the North American Association of Medieval Latin$9(OLS)http://pul/title/9315 996 $6260$a[Turnhout] :$bBrepols$9(OLS)http://pul/publisher/51220 LEADER 01532nam a2200337 a 4500 001 000000175952 003 CaOOAMICUS 005 20230616132406.0 008 230616s2021 it 000 u ita r 020 $a978-88-238-3790-4* 032 $aLibriCat 040 $aPUL$bita 082 14$a342.24 100 1 $aMacaluso, Fabio.$0(OLS)http://pul/name/113048 245 13$aIl Dizionario della Privacy :$b53 brevi saggi sulla protezione dei dati personali /$cFabio Macaluso, Jacopo Purificati ; prefazione di Raffaele Barberio. 260 $aMilano :$bEGEA,$c©2021. 300 $aXVII, 362 pagine ;$c24 cm. 504 $aBibliografia in nota a pič pagina. 650 4$aDiritto alla riservatezza$zEuropa.$0(OLS)http://pul/subject/40537 650 4$aDati personali (diritto)$xTutela.$0(OLS)http://pul/subject/45665 700 1 $aPurificati, Jacopo.$0(OLS)http://pul/name/113049 700 1 $aBarberio, Raffaele.$0(OLS)http://pul/name/113050 850 $aPUL 852 $aPUL$W1$xSL Diritto e Scienze Sociali 3$y79$m342. 24 MACFA 1$j200117$qDDC 21$B204898$CPULBib$Z2$F204898 $H136323 $82 941 1 $a9 960 $aPrivacy (diritto)$940537 996 $6020$a978-88-238-3790-4*$9(OLS)http://pul/number/169191 996 $6082$a342.24$9(OLS)http://pul/classification/732 996 $6245$aIl Dizionario della Privacy :$b53 brevi saggi sulla protezione dei dati personali$9(OLS)http://pul/title/217437 996 $6260$aMilano :$bEGEA$9(OLS)http://pul/publisher/61021